000 01037nam a22003017a 4500
001 BR8900230
003 BR-BrBNA
005 20230928093125.0
007 ta
008 230509b bl.||||| |||| 00| 0 por d
040 _aBR-BrBNA
_bpor
_cBiblioteca Nacional de Agricultura
041 _a(Por)
072 _aL73
_b5212
_b4150
_b/G514
090 _ 5212 BR8900230
100 1 _aLins, J.L.F.H.A.
110 1 _aUniversidade Federal de Minas Gerais, Belo Horizonte (Brasil). Escola de Veterinaria
_0Tese (Mestrado)
245 1 _aMamite bovina: pressao intramamaria em sistemas de retiro modificado no estado de Minas Gerais
246 1 _a[Bovine mastitis: intramammary pressure on modified bower systems at Minas Gerais state, Brazil]
260 3 _aBelo Horizonte, MG (Brasil):
_c1988.
300 _a103 p.
500 _aBibliograhy p. 61-68 (66 ref.); Summary (Por); 19 tables
650 _aBOVINO
650 _aMAMITE
650 _aORDENHA
650 _aMINAS GERAIS
909 _a202309
_bLucia
_c55
_dLucia Elande
942 _cBK
999 _c43139
_d43139